| 000 | 01085aam a2200313 i 4500 | ||
|---|---|---|---|
| 999 |
_c45699 _d45699 |
||
| 001 | 768714001 | ||
| 003 | CO-MdFUSB | ||
| 005 | 20201016122407.0 | ||
| 007 | ta | ||
| 008 | 200512t1922 -us |||| |||| 00| 0 eng d | ||
| 020 | _a[No incluiye ISBN] | ||
| 040 |
_bspa. _aCO-MdFUSB _cCO-MdFUSB _dCO-MdFUSBC _erda |
||
| 041 | _aeng | ||
| 082 |
_223 _a270.1 _bK464 |
||
| 100 | 1 |
_aKidd, B. J. _eautor |
|
| 245 | 1 | 0 |
_aA history of the church to A.D. 461 _c/ B. J. Kidd |
| 264 | 1 |
_aOxford, Inglaterra : _bThe Clarendon Press, _c[1922] |
|
| 264 | 4 | _c© 1922 | |
| 300 |
_a3 Volúmenes _c; 23 cm |
||
| 336 |
_atexto _btxt _2rdacontent |
||
| 337 |
_2rdamedia _asin mediación _bn |
||
| 338 |
_2rdacarrier _avolumen _bnc |
||
| 505 | _aVolumen 1: Historia de la iglesia desde el imperio romano hasta A.D. 313 \ Volumen 2: Historia de la iglesia desde Constantino hasta A.D. 408 \ Volumen 3: Historia de la iglesia desde el principio del siglo V hasta A.D. 461 | ||
| 563 | _aPasta dura | ||
| 650 | 0 |
_9153 _aHistoria de la Iglesia |
|
| 942 | _cBK | ||
| 945 | _aJTF-925 | ||